005620000a22001690004500090001300000100003500013700004100048245007100089651004400160690002800204690002100232041001400253044001300267942001300280773008200293999001700375 aSERIADAS1 aJaramillo Villa, Ursula9374811 aJiménez Segura, Luz Fernanda9763410aPesca en las ciénagas de Tumaradó, bajo río Atrato, Colombia 4lParque Nacional Natural Katíos992749 aPesca artesanal9100385 aCiénagas942790 aEspañol aColombia cARTICULO1 tDahliakRevista de la Asociación Colombiana de Ictiólogosh10q3-16d2008 c16366d16366